| 000 | 00904cam a2200289 a 4500 | ||
|---|---|---|---|
| 999 |
_c26889 _d26889 |
||
| 001 | 3756640 | ||
| 005 | 20170207085352.0 | ||
| 008 | 830420s1982 enka b 001 0 eng | ||
| 010 | _a 82143920 | ||
| 020 | _a0246112549 | ||
| 043 | _aa-ja--- | ||
| 050 | 0 | 0 | _aNA1559 .I79D73 1982 |
| 100 | 1 |
_aDrew, Philip, _d1943- |
|
| 245 | 1 | 4 |
_aThe architecture of Arata Isozaki / _cPhilip Drew. |
| 260 |
_aLondon ; _aNew York : _bGranada, _c1982. |
||
| 300 |
_ax, 206 p. : _bill. ; _c26 cm. |
||
| 500 | _aIncludes index. | ||
| 504 | _aBibliography: p. [201]-203. | ||
| 600 | 1 | 0 | _aIsozaki, Arata. |
| 650 | 0 |
_aArchitecture, Postmodern _zJapan. |
|
| 700 | 1 | _aIsozaki, Arata. | |
| 942 |
_2lcc _cBOOKS |
||